La Guerre froide en images - Statistiques

Statistiques générales
  • Ce quiz a été pris 102 fois
  • Le résultat moyen est 6 sur 20
Statistiques - réponses
Par images Réponse % Correct
Chute du mur de Berlin (1989)
96%
Lancement de Spoutnik (1957)
71%
Guerre du Vietnam (dates précises contestées)
67%
Premier Homme dans l'espace (1961)
55%
Guerre de Corée (1950-1953)
49%
Mort de Staline (1953)
45%
Révolution Iranienne (1979)
40%
Crise de Cuba (1962)
38%
Plan Marshall (1947)
34%
Mai 1968
26%
Première Intifada (1987)
25%
Effondrement de l'URSS (1991)
21%
Premier Choc pétrolier (1973)
16%
Accords de Camp David (1978)
14%
Naissance de l'Etat d'Israël (1948)
10%
Invasion de l'Afghanistan par l'URSS (1979)
7%
Visite de Nixon en Chine (1972)
7%
Création de la République Populaire de Chine (1949)
4%
Révolution Hongroise (1956)
4%
Fidel Castro prend le pouvoir à Cuba (1959)
1%
Aucun quiz correspondant
Distribution des résultats
% des personnes avec chaque résultat
Percentile par nombre de réponses
Votre historique - résultats
Vous n’avez pas pris ce quiz